| 000 | 00811cam a2200241 4500 | ||
|---|---|---|---|
| 001 | sa 68019466 | ||
| 003 | DLC | ||
| 005 | 20260227112717.0 | ||
| 008 | 711229s1967 io 000 0 eng | ||
| 010 | _asa 68019466 | ||
| 025 | _aPL480:Indo-6686 | ||
| 040 |
_aDLC _cDLC _dDLC |
||
| 041 | 1 |
_aeng _hind |
|
| 043 | _aa-io--- | ||
| 050 | 0 | 0 | _aLAW |
| 110 | 1 | 0 |
_aIndonesia. _kLaws, statutes, etc. |
| 240 | 1 | 0 | _aUndang-undang no. 1 tahun 1967. English |
| 245 | 1 | 0 |
_aLaw no. 1 of the year 1967 concerning foreign capital investment, _band related decisions and instructions of the Ampera Cabinet. |
| 260 | 0 |
_a[Djakarta] _bDept. of Information, Republic of Indonesia _c[1967] |
|
| 300 |
_a50 p. _c18 cm. |
||
| 500 | _a"Special issue, 014/1967." | ||
| 650 | 0 |
_aInvestments, Foreign _xLaw and legislation _zIndonesia. |
|
| 999 |
_c88898 _d88898 |
||